El maravilloso mundo de la evolución /

Guardado en:
Autor Principal: Huxley, Julián
Formato: Libro
Publicado: España : Aguilar, 1970
Materias:
Etiquetas: Agregar Etiqueta
Sin Etiquetas, Sea el primero en etiquetar este registro!
LEADER 00743nam a22001815a 4500
001 CEM.cems003341
005 19000101000000.0
008 130507s1970##################000#0#####d
003 CEMS
082 0 4 |a 575 
100 1 |a Huxley, Julián 
245 1 0 |a El maravilloso mundo de la evolución /  |c Julián Huxley 
260 |a España :  |b Aguilar,  |c 1970 
300 |a 96 p. 
505 0 |a La evoluci¢n y los criterios geol¢gicos, filos¢ficos y teol¢gicos. -Antepasados y arquetipos.-En v¡speras del Origen.-Charles Darwin y el Origen de las especies.-Después del Origen: la ciencia.-Después del Origen: la filosof¡a, la teolog¡a y la pol¡tica. 
653 |a Evolucion 
653 |a Fosiles 
859 |a CEMS  |b BIB. CEMS - 11 de abril  |h 575  |i H982  |p 1959.74  |t Ej.1